000 00744cam a2200205 4500
001 WB3721-03
008 000000n2001 000 0 eng u
035 _a(Sirsi) u112858
245 _aUK property will ride a downturn
260 _c2001
490 _aEstates Gazette
_v(0121) 26 May 2001, 44(1)
520 _aThe property sector should shake off the downturn in global economic fortunes according to FPD Savills head of commercial research. GDP growth in the UK is expected to slow further but is unlikely to become negative.
590 _aWB
650 _aPROPERTY SECTOR
650 _aFPD SAVILLS
650 _aGLOBAL ECONOMY
650 _aGDP
690 _aPROPERTY-COMMERCIAL PROPERTY-COMMERCIAL PROPERTY MARKET
942 _n0
999 _c67179
_d67179